LEADER 00818nam 2200253 450 001 9910284551303321 005 20180927113656.0 010 $a978-88-917-6268-9 100 $a20180927d2018----u y0engy50 ba 101 0 $ai ita 102 $aIT 105 0 $a 00 200 1 $a<>terza faccia della moneta$ele dinamiche che guidano la nostra relazione con il denaro$fMassimo Bustreo$gprefazione di Luigi Ferrari$hpostfazione di Ugo Biggeri 210 $aMilano$cFrancoAngeli$d2018 215 $a295 p.$d24 cm 225 $aSemi$v5 610 0 $aDenaro$aAspetti culturali e psicologici 676 $a332.024$v22$zita 700 1$aBustreo,$bMassimo$0516282 912 $a9910284551303321 952 $a332.024 BUS 1$b4752$fbfs 959 $aBFS 996 $aTerza faccia della moneta$91508170 997 $aUNINA LEADER 01452nam 2200349Ia 450 001 996389358503316 005 20210104171922.0 035 $a(CKB)4940000000094518 035 $a(EEBO)2248531854 035 $a(OCoLC)ocm62369567e 035 $a(OCoLC)62369567 035 $a(EXLCZ)994940000000094518 100 $a20051129d1669 uy 0 101 0 $aeng 135 $aurbn||||a|bb| 200 10$aTo the right vvorshipful the heads of the respective colleges and halls in the Vniversity of Oxford$b[electronic resource] $eSirs, you are desired to signify to your societies that whereas on Friday morning next thereis intended to be held a convocation in the theater for the University's being invested in the possession of it .. 210 $aOxford $cPrinted by H. Hall, Printer to the University$d1669 215 $a1 sheet ([1] p.) 300 $aCaption title. 300 $aSigned: John Fell, vice-Chan of Oxford. 300 $aReproduction of original in: Bodleian Library. 330 $aeebo-0014 606 $aAcademic costume$zEngland$zOxford$vEarly works to 1800 608 $aBroadsides$zEngland$y17th century.$2rbgenr 615 0$aAcademic costume 701 $aFell$b John$f1625-1686.$01001113 801 0$bUMI 801 1$bUMI 906 $aBOOK 912 $a996389358503316 996 $aTo the right vvorshipful the heads of the respective colleges and halls in the Vniversity of Oxford$92360934 997 $aUNISA LEADER 01536nam 2200433z- 450 001 9910689698903321 005 20161209102844.0 035 $a(CKB)5860000000025331 035 $a(BIP)008704236 035 $a(EXLCZ)995860000000025331 100 $a20220406c2003uuuu -u- - 101 0 $aeng 200 10$aHomeland security $eassessing the needs of local law enforcement : hearing before the Subcommittee on Crime and Drugs of the Committee on the Judiciary, United States Senate, One Hundred Seventh Congress, second session, March 21, 2002 215 $a1 online resource (iii, 80 p.) 311 $a0-16-069816-2 517 $aHomeland security 606 $aLaw enforcement$zUnited States$xFinance 606 $aCommunity policing$zUnited States 606 $aFederal aid to law enforcement agencies$zUnited States 606 $aCrime prevention$zUnited States$xFinance 606 $aCivil defense$zUnited States 610 $aLaw enforcement 610 $aCommunity policing 610 $aEconomic assistance, domestic 610 $aCrime prevention 610 $aCivil defense 610 $aFinance 610 $aPolitical science 610 $aSocial science 610 $aBusiness & economics 615 0$aLaw enforcement$xFinance. 615 0$aCommunity policing 615 0$aFederal aid to law enforcement agencies 615 0$aCrime prevention$xFinance. 615 0$aCivil defense 906 $aBOOK 912 $a9910689698903321 996 $aHomeland Security$91686681 997 $aUNINA